Statystyki dla Najpopularniejsze piosenki Kendrick Lamar

Kliknij tutaj aby rozwiązać quiz!

Ogólne statystyki

  • Ten quiz został rozwiązany 52 razy
  • Średni wynik to 9 z 20

Statystyki odpowiedzi

L.p.Piosenka% Poprawnych
4.Humble
98%
18.DNA
85%
6.Money Trees
85%
12.Swimming Pools
74%
1.Alright
61%
11.ADHD
57%
5.King Kunta
57%
10.MAAD City
57%
3.Bitch, Don’t Kill My Vibe
50%
15.i
50%
13.Duckworth
43%
20.Wesley’s Theory
41%
14.Element
39%
2.Backseat Freestyle
33%
19.Poetic Justice
26%
9.Sing About Me, I’m Dying of Thirst
20%
8.The Blacker the Berry
20%
16.Rigamortus
9%
17.Cartoon and Cereal
2%
7.Untitled 2 06.23.2014
0%

Rozkład punktacji

Percentyl według liczby udzielonych odpowiedzi

Procent ludzi z każdym wynikiem

Twoja historia wyników

Nie rozwiązałeś tego quizu